Deutsche Songs mit Ländern im Titel - Statistiken

Allgemein
  • Dieses Quiz wurde 1.041 mal gespielt
  • Das Durchschnittsergebnis liegt bei 8 aus 18
Antwortstatistiken
Interpret Songtitel % Korrekt
Udo Jürgens {Griechischer} Wein
97%
Die Prinzen D{eutschland}
91%
257ers H{olland}
59%
Udo Jürgens & Nationalmannschaft Buenos Dias, {Argentina}
57%
Cindy & Bert {Spanien}s Gitarren
57%
Rammstein A{merika}
47%
Acht Eimer Hühnerherzen {Polen}böller
45%
S.T.S. I bin aus {Österreich}
44%
Conny Froboess Zwei kleine {Italiener}
44%
Roberto Blanco Der Puppenspieler von {Mexiko}
43%
Otto Waalkes {Dänen} lügen nicht
41%
Die Ärzte Gehn wie ein {Ägypter}
41%
Bläck Fööss {Frankreich}, {Frankreich}
39%
Freddy Quinn Wir lagen vor {Madagaskar}
35%
United Balls Pogo in {Togo}
33%
Revolverheld Sommer in {Schweden}
28%
Fehlfarben Gottseidank nicht in {England}
17%
Amon Düül II Deutsch {Nepal}
1%
Keine übereinstimmenden Quizze gefunden
Verteilung der Resultate
Anzahl Personen mit jedem Resultat
Perzentil nach korrekt beantworteten Fragen
Ihre Resultats-Entwicklung
Sie haben dieses Quiz noch nicht gespielt